LEADER 01168nam a2200289 u 4500 001 000000066015 003 CaOOAMICUS 005 20070226121528.0 008 011219c1976 it u000 u ita u 035 $a10914805 040 $aPUL(R)$bita 100 1 $aMaccagnolo, Enzo.$0(OLS)http://pul/name/5640 245 10$aRerum universitas :$b(saggio sulla filosofia di Teodorico di Chartres) /$cEnzo Maccagnolo. 260 $aFirenze :$bF. Le Monier,$c1976. 300 $a282 p. ;$c24 cm 500 $aContiene indice. 504 $aBibliografia: p. [267]-278. 600 04$aThierry,$cde Chartres,$dc. 1100-c. 1150.$0(OLS)http://pul/subject/24141 650 4$aFilosofia medievale.$0(OLS)http://pul/subject/139 700 1 $aMaccagnolo, Enzo.$0(OLS)http://pul/name/5640 850 $aPUL 852 $aPUL$W1$xSL Religione 1$y3$m67 D 1$j123759$nBK-PRI$qStampati$B85378$CPULBib$Z2$F85378 $81 941 1 $a8 960 $aFilosofia medioevale$9139 961 $aINV: 44272 996 $6245$aRerum universitas :$b(saggio sulla filosofia di Teodorico di Chartres)$9(OLS)http://pul/title/87710 996 $6260$aFirenze :$bF. Le Monier$9(OLS)http://pul/publisher/71264 LEADER 01253nam a2200277 u 4500 001 000000055201 003 CaOOAMICUS 005 20070226115746.0 008 010118s1983 it u000 u ita u 035 $a10865805 040 $aPUL(R)$bita 100 1 $aLombardo-Radice, Giuseppe,$d1879-1938.$0(OLS)http://pul/name/20863 245 10$aCarteggio Giuseppe Lombardo-Radice Santino Caramella /$ca cura di Tina Caramella e con introduzione di Marino Gentile. 260 $aGenova :$bStudio editoriale di cultura,$c1983. 300 $a70 p. ;$c24 cm 490 1 $aFilosofia oggi ;$v7 700 1 $aCaramella, Tina.$0(OLS)http://pul/name/38920 700 1 $aGentile, Marino,$d1906-1991.$0(OLS)http://pul/name/4220 700 1 $aCaramella, Santino,$d1902-1972.$0(OLS)http://pul/name/8609 830 0$aFilosofia oggi ;$v7.$0(OLS)http://pul/title/16049 850 $aPUL 852 $aPUL$W1$xDP1 Fondo Giannini$y60$m1562 E 30$j72635$nBK-PRI$b $qFondi$B72635$CPULBib$Z2$F72635 $H $81 941 1 $a1 961 $aINV: Fondo Giannini 996 $6245$aCarteggio Giuseppe Lombardo-Radice Santino Caramella$9(OLS)http://pul/title/73945 996 $6260$aGenova :$bStudio editoriale di cultura$9(OLS)http://pul/publisher/52511